000 01229nam0a22003131 4500
001 v19\rc\1677565
005 20250619053137.0
035 _a(NLR Aleph) 004841153
090 _a4823469
_c4823469
100 _a20061002d1896 |||y0rusy50 ca
101 0 _arus
102 _aRU
105 _ay z |||a|
200 1 _aКак родные братья
_eПовесть [из жизни галицийских русин]
_f[Соч.] О. Федьковича
_gС галицко-рус. наречия переложил Н. Златовратский
210 _aМосква
_cтип. т-ва И.Д. Сытина
_d1896
215 _a32 с.
_d16
300 _aНа обл. авт. не указан
300 _aНа тит. л. номер изд.: № 168
700 1 _7ca
_8rus
_aФедькович
_bЮ. А.
_f1834-1888
_gЮрий Адальбертович
_9250835
_3RU\NLR\AUTH\770250891
702 1 _aЗлатоврацкий
_bН.Н.
_f1845-1911
_gНиколай Николаевич
_4730
801 0 _aRU
_bNLR
_gpsbo
801 0 _aRU
_bRuMoRGB
_2psbo
801 1 _aRU
_bProSoft-M
_2rusmarc
852 _aNLR
_j20.96.3.74
899 _aRuMoRGB
_jA 238/1960
899 _aБАН
942 _cBOOK
980 _aNB